Qué hay de malo: problemas de moral sexual

Saved in:
Bibliografiske detaljer
Hovedforfatter: Gatti, Guido (Author)
Format: Bog
Sprog:spansk
Udgivet: Santiago Salesiana 1993
Fag:
Tags: Tilføj Tag
Ingen Tags, Vær først til at tagge denne postø!

MARC

LEADER 00000nam a2200000 a 4500
001 UCR9038
003 CL-VaPUC
008 980605e19930000CL |||||||||||||||||spa|d
082 0 4 |a 176  |b GAT  |2 21 
100 |a Gatti, Guido  |e author  |9 411163 
245 1 0 |a Qué hay de malo: problemas de moral sexual 
300 |a 31 p 
942 |c BK 
945 |d 19980605 00:00:00  |a aalvarez 
260 |a Santiago  |b Salesiana  |c 1993 
650 0 |a Comportamiento sexual  |9 334955 
650 7 |a ETICA SEXUAL  |2 CL-VaPUC  |9 411164 
650 7 |a MATRIMONIO  |2 CL-VaPUC  |9 411165 
583 |a last modification  |c 19980605 00:00:00  |k Rodrigo Vera 
999 |c 270287  |d 270285 
952 |0 0  |1 2  |4 0  |6 176_000000000000000_GAT_1993  |7 0  |8 A  |9 304485  |a BIBTEO  |b BIBTEO  |d 2019-11-20  |i 3431738  |o 176 GAT 1993  |p 3431738  |r 2019-11-20  |w 2019-11-20  |x Descarte 2019  |y BK  |k ICR 
952 |0 0  |1 0  |4 0  |6 176_000000000000000_GAT_1993  |7 0  |8 A  |9 304486  |a BIBTEO  |b BIBTEO  |d 2019-11-20  |i 343172K  |o 176 GAT 1993  |p 343172K  |r 2025-01-17  |w 2019-11-20  |y BK  |k ICR